[Event "DEM U8w 2025"]
[Site "Willingen GER"]
[Date "2025.06.11"]
[Round "2"]
[White "Piatrushko, Alisa"]
[Black "Kühn, Ariane"]
[Result "0-1"]
[Termination "normal"]
[Board "8"]
[WhiteElo "795"]
[BlackElo "931"]
[WhiteClock "00:45:53"]
[BlackClock "00:45:20"]
[PlyCount "110"]
[EventCountry "GER"]
[EventRounds "7"]
[EventType "swiss"]
[EventDate "2025.06.10"]

1. e4 {[%clk 01:00:29]} {[%emt 00:00:01]} e5 {[%clk 01:00:19]} {[%emt
00:00:12]} 2. Nf3 {[%clk 01:00:39]} {[%emt 00:00:05]} Nc6 {[%clk 01:00:15]}
{[%emt 00:00:18]} 3. Nc3 {[%clk 01:00:49]} {[%emt 00:00:05]} Nf6 {[%clk
01:00:19]} {[%emt 00:00:11]} 4. Bb5 {[%clk 01:00:55]} {[%emt 00:00:09]} Bb4
{[%clk 01:00:17]} {[%emt 00:00:16]} 5. O-O {[%clk 01:01:04]} {[%emt 00:00:09]}
O-O {[%clk 01:00:25]} {[%emt 00:00:05]} 6. d3 {[%clk 01:01:15]} {[%emt
00:00:04]} Bxc3 {[%clk 01:00:24]} {[%emt 00:00:16]} 7. bxc3 {[%clk 01:01:21]}
a6 {[%clk 01:00:17]} {[%emt 00:00:31]} 8. Bc4 {[%clk 01:01:06]} d6 {[%clk
01:00:15]} {[%emt 00:00:47]} 9. Bg5 {[%clk 01:01:08]} h6 {[%clk 01:00:15]} 10.
Bh4 {[%clk 01:01:08]} Bg4 {[%clk 00:59:35]} {[%emt 00:01:40]} 11. h3 {[%clk
01:01:11]} {[%emt 00:00:11]} Bh5 {[%clk 00:59:37]} {[%emt 00:00:12]} 12. d4
{[%clk 01:01:06]} {[%emt 00:00:20]} exd4 {[%clk 00:59:08]} {[%emt 00:00:44]}
13. cxd4 {[%clk 01:01:05]} {[%emt 00:00:15]} Nb4 {[%clk 00:57:41]} {[%emt
00:01:40]} 14. Re1 {[%clk 01:00:39]} {[%emt 00:00:44]} c5 {[%clk 00:57:23]}
{[%emt 00:00:34]} 15. c3 {[%clk 01:00:11]} {[%emt 00:00:43]} Nc6 {[%clk
00:57:23]} {[%emt 00:00:13]} 16. d5 {[%clk 01:00:10]} {[%emt 00:00:17]} Na7
{[%clk 00:57:22]} {[%emt 00:00:14]} 17. Rb1 {[%clk 00:59:51]} {[%emt 00:00:36]}
b5 {[%clk 00:57:13]} {[%emt 00:00:23]} 18. Be2 {[%clk 00:59:01]} {[%emt
00:01:05]} Nc8 {[%clk 00:56:52]} {[%emt 00:00:34]} 19. c4 {[%clk 00:58:26]}
{[%emt 00:00:53]} b4 {[%clk 00:56:52]} {[%emt 00:00:12]} 20. e5 {[%clk
00:57:56]} {[%emt 00:00:46]} dxe5 {[%clk 00:56:48]} {[%emt 00:00:19]} 21. Nxe5
{[%clk 00:57:51]} {[%emt 00:00:20]} Qd6 {[%clk 00:56:44]} {[%emt 00:00:19]} 22.
Bxh5 {[%clk 00:57:37]} {[%emt 00:00:29]} Nxh5 {[%clk 00:56:43]} {[%emt
00:00:18]} 23. Qxh5 {[%clk 00:57:35]} {[%emt 00:00:15]} Ne7 {[%clk 00:56:36]}
{[%emt 00:00:22]} 24. Nd3 {[%clk 00:55:00]} {[%emt 00:02:50]} Ng6 {[%clk
00:56:21]} {[%emt 00:00:29]} 25. f4 {[%emt 00:02:09]} Nxf4 {[%clk 00:55:44]}
{[%emt 00:00:11]} 26. Nxf4 {[%clk 00:53:43]} {[%emt 00:00:19]} Qxf4 {[%clk
00:52:27]} {[%emt 00:03:34]} 27. Rf1 {[%clk 00:53:29]} {[%emt 00:00:29]} Qd4+
{[%clk 00:51:55]} {[%emt 00:00:41]} 28. Bf2 {[%clk 00:53:16]} {[%emt 00:00:33]}
Qxc4 {[%clk 00:51:59]} {[%emt 00:00:10]} 29. Kh1 {[%clk 00:52:37]} {[%emt
00:00:56]} Qxa2 {[%clk 00:51:50]} {[%emt 00:00:22]} 30. Bxc5 {[%clk 00:52:30]}
{[%emt 00:00:24]} Rfb8 {[%clk 00:51:48]} {[%emt 00:00:17]} 31. Rbe1 {[%clk
00:51:18]} {[%emt 00:01:27]} Rd8 {[%clk 00:51:33]} {[%emt 00:00:30]} 32. d6
{[%clk 00:51:10]} {[%emt 00:00:23]} Qd2 {[%clk 00:51:09]} {[%emt 00:00:23]} 33.
Bxb4 {[%clk 00:51:00]} {[%emt 00:00:41]} Qxb4 {[%clk 00:47:04]} {[%emt
00:04:21]} 34. Qxf7+ {[%clk 00:50:54]} {[%emt 00:00:19]} Kh7 {[%clk 00:47:06]}
{[%emt 00:00:12]} 35. Re7 {[%clk 00:50:27]} {[%emt 00:00:44]} Rg8 {[%clk
00:47:01]} {[%emt 00:00:19]} 36. g3 {[%clk 00:50:16]} {[%emt 00:00:27]} Qxd6
{[%clk 00:47:01]} {[%emt 00:00:13]} 37. Rf4 {[%clk 00:48:53]} {[%emt 00:01:40]}
a5 {[%clk 00:47:05]} {[%emt 00:00:11]} 38. Rg4 {[%clk 00:48:52]} {[%emt
00:00:16]} Qd1+ {[%clk 00:46:54]} {[%emt 00:00:26]} 39. Kg2 {[%emt 00:00:47]}
Qd2+ {[%clk 00:46:46]} {[%emt 00:00:04]} 40. Kf3 {[%clk 00:48:35]} {[%emt
00:00:21]} Qd3+ {[%clk 00:46:43]} {[%emt 00:00:16]} 41. Kf4 {[%clk 00:48:38]}
{[%emt 00:00:13]} Qd4+ {[%clk 00:46:43]} {[%emt 00:00:08]} 42. Kf5 {[%clk
00:48:21]} {[%emt 00:00:38]} Qc5+ {[%clk 00:46:38]} {[%emt 00:00:17]} 43. Ke4
{[%clk 00:47:44]} {[%emt 00:00:53]} Qc2+ {[%clk 00:46:22]} {[%emt 00:00:31]}
44. Kf4 {[%clk 00:47:23]} {[%emt 00:00:38]} Qf2+ {[%clk 00:46:18]} {[%emt
00:00:16]} 45. Ke5 {[%clk 00:47:22]} {[%emt 00:00:19]} Qxf7 {[%clk 00:46:18]}
46. Rxf7 {[%clk 00:47:24]} {[%emt 00:00:27]} a4 {[%emt 00:04:41]} 47. Rb4
{[%clk 00:45:56]} {[%emt 00:00:40]} a3 {[%clk 00:46:33]} {[%emt 00:00:10]} 48.
Rbb7 {[%clk 00:45:59]} {[%emt 00:00:11]} a2 {[%clk 00:46:37]} {[%emt 00:00:11]}
49. Rf1 {[%emt 00:00:22]} a1=Q+ {[%clk 00:46:39]} {[%emt 00:00:05]} 50. Rxa1
{[%clk 00:46:16]} {[%emt 00:01:08]} Rxa1 {[%clk 00:46:47]} {[%emt 00:00:07]}
51. h4 {[%clk 00:46:15]} {[%emt 00:00:16]} Rg1 {[%clk 00:46:57]} {[%emt
00:00:04]} 52. Kf4 {[%clk 00:46:15]} {[%emt 00:00:16]} Rf8+ {[%clk 00:46:50]}
{[%emt 00:00:22]} 53. Kg4 {[%clk 00:46:07]} {[%emt 00:00:24]} Rc8 {[%clk
00:45:27]} {[%emt 00:01:37]} 54. Kh5 {[%clk 00:46:00]} {[%emt 00:00:24]} Rxg3
{[%clk 00:45:20]} {[%emt 00:00:22]} 55. Rb5 {[%clk 00:45:53]} {[%emt 00:00:23]}
g6# {[%emt 00:00:20]} 0-1

[Event "DEM U8w 2025"]
[Site "Willingen GER"]
[Date "2025.06.11"]
[Round "2"]
[White "Shelest, Amina"]
[Black "Taris, Camille"]
[Result "0-1"]
[Termination "normal"]
[Board "9"]
[WhiteElo "778"]
[BlackElo "882"]
[WhiteClock "00:51:21"]
[BlackClock "01:01:00"]
[PlyCount "54"]
[EventCountry "GER"]
[EventRounds "7"]
[EventType "swiss"]
[EventDate "2025.06.10"]

1. d4 {[%clk 01:00:27]} {[%emt 00:00:02]} d5 {[%clk 01:00:23]} {[%emt
00:00:06]} 2. Nc3 {[%clk 01:00:33]} {[%emt 00:00:09]} g6 {[%clk 01:00:25]}
{[%emt 00:00:14]} 3. Bf4 {[%clk 01:00:31]} {[%emt 00:00:17]} Bg7 {[%clk
01:00:25]} {[%emt 00:00:16]} 4. e3 {[%clk 01:00:29]} {[%emt 00:00:17]} Nf6
{[%clk 01:00:26]} {[%emt 00:00:14]} 5. Bb5+ {[%emt 00:00:12]} c6 {[%emt
00:00:10]} 6. Ba4 {[%clk 00:59:54]} {[%emt 00:00:29]} b5 {[%clk 01:00:27]}
{[%emt 00:00:14]} 7. Bb3 {[%clk 00:59:47]} {[%emt 00:00:21]} a5 {[%clk
01:00:34]} {[%emt 00:00:08]} 8. Nf3 {[%clk 00:59:47]} {[%emt 00:00:14]} a4
{[%clk 01:00:39]} {[%emt 00:00:11]} 9. Nxa4 {[%emt 00:00:33]} bxa4 {[%emt
00:00:12]} 10. Bxa4 {[%emt 00:00:17]} Rxa4 {[%emt 00:00:08]} 11. b3 {[%clk
00:58:39]} {[%emt 00:00:13]} Ra8 {[%clk 01:00:46]} {[%emt 00:00:08]} 12. O-O
{[%emt 00:00:32]} O-O {[%emt 00:00:06]} 13. Qe2 {[%emt 00:00:08]} Ba6 {[%emt
00:00:13]} 14. Qd2 {[%clk 00:57:31]} {[%emt 00:00:23]} Bxf1 {[%clk 01:00:49]}
{[%emt 00:00:11]} 15. Kxf1 {[%emt 00:00:18]} Ne4 {[%emt 00:00:11]} 16. Qe1
{[%clk 00:56:27]} {[%emt 00:00:50]} Qa5 {[%clk 01:00:40]} {[%emt 00:00:25]} 17.
Qd1 {[%clk 00:56:08]} {[%emt 00:00:33]} Qc3 {[%clk 01:00:11]} {[%emt 00:00:44]}
18. Rb1 {[%clk 00:55:55]} {[%emt 00:00:30]} Rxa2 {[%clk 01:00:02]} {[%emt
00:00:21]} 19. Bxb8 {[%clk 00:55:50]} {[%emt 00:00:21]} Rxb8 {[%clk 01:00:07]}
{[%emt 00:00:10]} 20. Ng1 {[%clk 00:54:34]} {[%emt 00:01:31]} Rxc2 {[%clk
00:59:46]} {[%emt 00:00:34]} 21. Ra1 {[%clk 00:53:56]} {[%emt 00:00:55]} Rd2
{[%clk 00:59:37]} {[%emt 00:00:24]} 22. Qb1 {[%clk 00:53:35]} {[%emt 00:00:36]}
Rb2 {[%clk 00:59:05]} {[%emt 00:00:48]} 23. Qc1 {[%clk 00:52:25]} {[%emt
00:01:24]} Qxc1+ {[%clk 00:59:09]} {[%emt 00:00:11]} 24. Rxc1 {[%emt 00:00:05]}
R2xb3 {[%emt 00:00:17]} 25. Ne2 {[%clk 00:51:48]} {[%emt 00:00:30]} Rb1 {[%clk
00:59:03]} {[%emt 00:00:38]} 26. Re1 {[%clk 00:51:21]} {[%emt 00:04:05]} Nd2+
{[%clk 01:01:00]} {[%emt 00:00:18]} 27. Kg1 {[%emt 00:00:18]} Rxe1# {[%emt
00:00:12]} 0-1

[Event "DEM U8w 2025"]
[Site "Willingen GER"]
[Date "2025.06.11"]
[Round "2"]
[White "Troeder, Helena"]
[Black "Beck, Fiona"]
[Result "1/2-1/2"]
[Termination "normal"]
[Board "10"]
[WhiteElo "778"]
[BlackElo "859"]
[WhiteClock "00:35:44"]
[BlackClock "00:27:10"]
[PlyCount "101"]
[EventCountry "GER"]
[EventRounds "7"]
[EventType "swiss"]
[EventDate "2025.06.10"]

1. e4 {[%clk 01:00:26]} {[%emt 00:00:03]} e5 {[%clk 01:00:26]} {[%emt
00:00:06]} 2. Nf3 {[%clk 01:00:30]} {[%emt 00:00:09]} Nc6 {[%clk 01:00:31]}
{[%emt 00:00:12]} 3. Nc3 {[%clk 01:00:17]} {[%emt 00:00:28]} Nd4 {[%clk
00:59:59]} {[%emt 00:00:46]} 4. Bc4 {[%clk 00:59:07]} {[%emt 00:01:25]} d6
{[%clk 00:59:20]} {[%emt 00:00:55]} 5. d3 {[%clk 00:59:07]} {[%emt 00:00:14]}
Bg4 {[%clk 00:59:15]} {[%emt 00:00:20]} 6. Bg5 {[%clk 00:58:48]} {[%emt
00:00:34]} Nf6 {[%clk 00:59:18]} 7. Nd5 {[%clk 00:57:51]} {[%emt 00:01:25]} Be7
{[%emt 00:01:38]} 8. Qd2 h6 {[%clk 00:58:30]} {[%emt 00:00:08]} 9. Bxf6 {[%clk
00:57:32]} {[%emt 00:00:19]} gxf6 {[%emt 00:00:25]} 10. O-O-O {[%clk 00:57:20]}
{[%emt 00:00:24]} Qd7 {[%clk 00:57:54]} {[%emt 00:00:43]} 11. Rhe1 {[%clk
00:56:43]} {[%emt 00:00:54]} O-O-O {[%clk 00:54:52]} {[%emt 00:03:18]} 12. h3
{[%clk 00:56:27]} {[%emt 00:00:30]} Bh5 {[%clk 00:54:49]} {[%emt 00:00:18]} 13.
g4 {[%clk 00:56:24]} {[%emt 00:00:18]} Bg6 {[%clk 00:54:17]} {[%emt 00:00:47]}
14. Nxd4 {[%clk 00:55:26]} {[%emt 00:01:13]} exd4 {[%clk 00:53:12]} {[%emt
00:01:20]} 15. Nxe7+ {[%emt 00:01:08]} Qxe7 {[%clk 00:52:53]} {[%emt 00:00:31]}
16. Bd5 {[%clk 00:53:31]} {[%emt 00:01:20]} Qd7 {[%clk 00:50:24]} {[%emt
00:02:43]} 17. Qb4 {[%emt 00:00:44]} Rde8 {[%clk 00:50:08]} {[%emt 00:00:29]}
18. Qxb7+ {[%emt 00:00:57]} Kd8 {[%clk 00:50:09]} {[%emt 00:00:04]} 19. Bc6
{[%clk 00:51:08]} {[%emt 00:01:40]} Qe6 {[%clk 00:50:02]} {[%emt 00:00:22]} 20.
Bxe8 {[%clk 00:50:43]} {[%emt 00:00:41]} Rxe8 {[%clk 00:50:00]} {[%emt
00:00:17]} 21. Qd5 {[%clk 00:50:21]} {[%emt 00:00:36]} Qe7 {[%clk 00:50:01]}
{[%emt 00:00:13]} 22. f4 {[%clk 00:49:49]} {[%emt 00:00:47]} c6 {[%clk
00:49:15]} {[%emt 00:01:02]} 23. Qxc6 {[%clk 00:49:27]} {[%emt 00:00:38]} a5
{[%clk 00:47:45]} {[%emt 00:01:46]} 24. f5 {[%clk 00:49:18]} {[%emt 00:00:24]}
Bh7 {[%clk 00:47:45]} {[%emt 00:00:14]} 25. c4 {[%clk 00:49:09]} {[%emt
00:00:23]} Qa7 {[%clk 00:45:42]} {[%emt 00:02:19]} 26. Rd2 {[%clk 00:48:35]}
{[%emt 00:00:49]} Re5 {[%clk 00:44:43]} {[%emt 00:01:12]} 27. b4 {[%clk
00:48:26]} {[%emt 00:00:26]} axb4 {[%clk 00:44:35]} {[%emt 00:00:24]} 28. Rb2
{[%clk 00:48:00]} {[%emt 00:00:40]} Qa3 {[%clk 00:43:23]} {[%emt 00:01:27]} 29.
Kb1 {[%clk 00:46:21]} {[%emt 00:01:54]} Ra5 {[%clk 00:43:08]} {[%emt 00:00:31]}
30. Ree2 {[%clk 00:41:45]} {[%emt 00:04:49]} b3 {[%clk 00:40:18]} {[%emt
00:03:08]} 31. axb3 {[%clk 00:41:34]} {[%emt 00:00:25]} Qa1+ {[%clk 00:40:01]}
{[%emt 00:00:31]} 32. Kc2 {[%clk 00:41:13]} {[%emt 00:00:35]} Ra2 {[%clk
00:38:29]} {[%emt 00:01:48]} 33. Rxa2 {[%clk 00:41:00]} {[%emt 00:00:28]} Qxa2+
{[%emt 00:00:17]} 34. Kd1 {[%emt 00:00:12]} Qb1+ {[%clk 00:37:58]} {[%emt
00:00:18]} 35. Kd2 {[%clk 00:40:39]} {[%emt 00:00:33]} Qa1 {[%clk 00:36:02]}
{[%emt 00:02:12]} 36. Qxd6+ {[%clk 00:39:56]} {[%emt 00:00:59]} Ke8 {[%clk
00:35:57]} {[%emt 00:00:19]} 37. Qc6+ {[%clk 00:39:47]} {[%emt 00:00:25]} Kf8
{[%clk 00:35:46]} {[%emt 00:00:26]} 38. Qd6+ {[%clk 00:39:05]} {[%emt
00:00:56]} Kg7 {[%clk 00:35:44]} {[%emt 00:00:16]} 39. Kc2 {[%clk 00:38:41]}
{[%emt 00:00:42]} Qc3+ {[%clk 00:35:18]} {[%emt 00:00:41]} 40. Kd1 {[%clk
00:38:22]} {[%emt 00:00:30]} Qxb3+ {[%clk 00:34:50]} {[%emt 00:00:47]} 41. Kd2
{[%clk 00:38:15]} {[%emt 00:00:20]} Qc3+ {[%clk 00:34:28]} {[%emt 00:00:39]}
42. Kd1 {[%emt 00:00:24]} Qxd3+ {[%emt 00:00:30]} 43. Ke1 {[%clk 00:37:05]}
{[%emt 00:00:30]} Qc3+ {[%clk 00:33:45]} {[%emt 00:00:58]} 44. Kf2 {[%clk
00:36:53]} {[%emt 00:00:26]} d3 {[%clk 00:31:19]} {[%emt 00:02:43]} 45. Re3
{[%clk 00:36:37]} {[%emt 00:00:27]} Qc2+ {[%clk 00:31:04]} {[%emt 00:00:33]}
46. Kf3 {[%clk 00:36:32]} {[%emt 00:00:20]} d2 {[%clk 00:30:53]} {[%emt
00:00:25]} 47. Rd3 {[%clk 00:36:12]} {[%emt 00:00:28]} Qd1+ {[%clk 00:30:02]}
{[%emt 00:01:14]} 48. Ke3 {[%clk 00:36:00]} {[%emt 00:00:26]} Qe1+ {[%clk
00:29:28]} {[%emt 00:00:50]} 49. Kf4 {[%clk 00:35:55]} {[%emt 00:00:19]} Qf2+
{[%clk 00:29:14]} {[%emt 00:00:29]} 50. Rf3 {[%clk 00:35:40]} {[%emt 00:00:31]}
Qh2+ {[%clk 00:27:10]} {[%emt 00:02:16]} 51. Rg3 {[%clk 00:35:44]} {[%emt
00:00:14]} Qf2+ {[%clk 00:21:49]} {[%emt 00:05:35]} 52. Rf3 {[%emt 00:00:14]}
Qh2+ {[%emt 00:00:52]} 53. Rg3 {[%clk 00:34:41]} {[%emt 00:00:12]} Qf2+ {[%clk
00:21:29]} {[%emt 00:00:35]} 54. Rf3 {[%clk 00:33:40]} {[%emt 00:00:17]}
1/2-1/2

[Event "DEM U8w 2025"]
[Site "Willingen GER"]
[Date "2025.06.11"]
[Round "2"]
[White "Eßers, Elisabeth Greta"]
[Black "Richter Assencio, Carolina"]
[Result "1-0"]
[Termination "normal"]
[Board "11"]
[WhiteElo "849"]
[BlackElo "751"]
[WhiteClock "00:55:33"]
[BlackClock "00:55:00"]
[PlyCount "45"]
[WhiteFideId "533024979"]
[EventCountry "GER"]
[EventRounds "7"]
[EventType "swiss"]
[EventDate "2025.06.10"]

1. d4 {[%clk 01:00:26]} {[%emt 00:00:04]} d5 {[%clk 01:00:22]} {[%emt
00:00:09]} 2. Nf3 {[%clk 01:00:33]} {[%emt 00:00:07]} Nc6 {[%clk 01:00:21]}
{[%emt 00:00:17]} 3. c3 {[%clk 01:00:36]} {[%emt 00:00:11]} Bf5 {[%clk
01:00:06]} {[%emt 00:00:29]} 4. Qb3 {[%clk 01:00:37]} {[%emt 00:00:14]} Qb8
{[%clk 00:59:27]} {[%emt 00:00:53]} 5. Bf4 {[%clk 01:00:12]} {[%emt 00:00:42]}
Nf6 {[%clk 00:58:37]} {[%emt 00:01:05]} 6. Nbd2 {[%clk 01:00:14]} {[%emt
00:00:12]} e6 {[%clk 00:58:38]} {[%emt 00:00:15]} 7. Ne5 {[%clk 01:00:02]}
{[%emt 00:00:28]} Nxe5 {[%clk 00:58:42]} {[%emt 00:00:09]} 8. Bxe5 {[%clk
01:00:03]} {[%emt 00:00:15]} Ne4 {[%clk 00:58:53]} {[%emt 00:00:04]} 9. Nxe4
{[%clk 00:58:57]} {[%emt 00:01:20]} Bxe4 {[%emt 00:00:16]} 10. e3 {[%clk
00:58:47]} {[%emt 00:00:21]} a5 {[%clk 00:58:23]} {[%emt 00:00:49]} 11. Bb5+
{[%clk 00:58:04]} {[%emt 00:01:18]} c6 {[%emt 00:00:39]} 12. Bxb8 {[%clk
00:57:51]} {[%emt 00:00:08]} cxb5 {[%clk 00:58:13]} {[%emt 00:00:20]} 13. Qxb5+
{[%clk 00:57:46]} {[%emt 00:00:21]} Kd8 {[%clk 00:57:42]} {[%emt 00:00:46]} 14.
Be5 {[%emt 00:00:49]} Bxg2 {[%clk 00:56:47]} {[%emt 00:00:59]} 15. Ke2 {[%clk
00:57:24]} {[%emt 00:00:42]} Bxh1 {[%clk 00:56:54]} {[%emt 00:00:08]} 16. Rxh1
{[%clk 00:57:26]} {[%emt 00:00:14]} f6 {[%clk 00:56:57]} {[%emt 00:00:12]} 17.
Qxb7 {[%clk 00:56:59]} {[%emt 00:00:42]} Rc8 {[%clk 00:56:59]} {[%emt
00:00:09]} 18. Qb6+ {[%clk 00:56:49]} {[%emt 00:00:47]} Ke8 {[%clk 00:56:59]}
{[%emt 00:00:15]} 19. Qb5+ {[%clk 00:56:25]} {[%emt 00:00:39]} Kd8 {[%clk
00:57:07]} {[%emt 00:00:07]} 20. Qxa5+ {[%clk 00:56:22]} {[%emt 00:00:17]} Ke8
{[%clk 00:57:12]} {[%emt 00:00:09]} 21. Bg3 {[%clk 00:55:51]} {[%emt 00:00:47]}
Rb8 {[%clk 00:55:13]} {[%emt 00:02:11]} 22. Bxb8 {[%clk 00:55:53]} {[%emt
00:00:15]} Be7 {[%clk 00:55:00]} {[%emt 00:00:29]} 23. Rg1 {[%clk 00:55:33]}
{[%emt 00:00:35]} 1-0

[Event "DEM U8w 2025"]
[Site "Willingen GER"]
[Date "2025.06.11"]
[Round "2"]
[White "Dudi, Srija"]
[Black "Meier, Hanna"]
[Result "1-0"]
[Termination "normal"]
[Board "12"]
[WhiteElo "834"]
[BlackElo "718"]
[WhiteClock "00:58:48"]
[BlackClock "00:48:15"]
[PlyCount "127"]
[EventCountry "GER"]
[EventRounds "7"]
[EventType "swiss"]
[EventDate "2025.06.10"]

1. e4 {[%clk 01:00:28]} {[%emt 00:00:02]} d5 {[%clk 01:00:26]} {[%emt
00:00:04]} 2. exd5 {[%emt 00:00:22]} c6 {[%clk 01:00:30]} {[%emt 00:00:05]} 3.
dxc6 {[%clk 01:00:12]} {[%emt 00:00:31]} h5 {[%clk 01:00:26]} {[%emt 00:00:17]}
4. cxb7 {[%clk 01:00:24]} {[%emt 00:00:05]} Bxb7 {[%clk 01:00:21]} {[%emt
00:00:20]} 5. Bb5+ {[%clk 01:00:26]} {[%emt 00:00:11]} Nd7 {[%clk 01:00:26]}
{[%emt 00:00:11]} 6. Bxd7+ {[%clk 01:00:33]} {[%emt 00:00:08]} Qxd7 {[%clk
01:00:05]} {[%emt 00:00:19]} 7. d4 {[%emt 00:00:26]} Qe6+ {[%clk 01:00:08]}
{[%emt 00:00:09]} 8. Ne2 {[%clk 01:00:45]} {[%emt 00:00:11]} Bxg2 {[%clk
00:59:57]} {[%emt 00:00:25]} 9. Rg1 {[%clk 01:00:54]} {[%emt 00:00:05]} Bf3
{[%clk 00:59:51]} {[%emt 00:00:22]} 10. Rg3 {[%clk 01:00:53]} {[%emt 00:00:15]}
Qd5 {[%clk 00:59:40]} {[%emt 00:00:28]} 11. Nbc3 {[%clk 01:00:16]} {[%emt
00:00:51]} Qf5 {[%clk 00:59:26]} {[%emt 00:00:25]} 12. Rxf3 {[%clk 00:59:58]}
{[%emt 00:00:38]} Qxf3 {[%clk 00:59:17]} {[%emt 00:00:23]} 13. Nb5 {[%clk
01:00:08]} {[%emt 00:00:04]} e6 {[%clk 00:59:08]} {[%emt 00:00:25]} 14. Nc7+
{[%emt 00:00:05]} Kd8 {[%clk 00:58:43]} {[%emt 00:00:39]} 15. Nxa8 {[%clk
01:00:25]} {[%emt 00:00:10]} Qxa8 {[%clk 00:58:40]} {[%emt 00:00:19]} 16. Nc3
{[%clk 01:00:26]} {[%emt 00:00:12]} Bd6 {[%clk 00:58:31]} {[%emt 00:00:24]} 17.
Nb5 {[%clk 01:00:23]} {[%emt 00:00:19]} Bxh2 {[%clk 00:58:19]} {[%emt
00:00:27]} 18. Bd2 {[%clk 00:59:55]} {[%emt 00:00:41]} Qg2 {[%clk 00:57:51]}
{[%emt 00:00:44]} 19. Ba5+ {[%clk 01:00:07]} {[%emt 00:00:04]} Kd7 {[%clk
00:57:46]} {[%emt 00:00:19]} 20. Nxa7 {[%clk 00:59:42]} {[%emt 00:00:40]} Nf6
{[%clk 00:57:52]} {[%emt 00:00:09]} 21. Qe2 {[%clk 00:59:32]} {[%emt 00:00:25]}
Qg1+ {[%clk 00:57:50]} {[%emt 00:00:16]} 22. Qf1 {[%clk 00:59:42]} {[%emt
00:00:04]} Ne4 {[%clk 00:57:14]} {[%emt 00:00:52]} 23. Qxg1 {[%clk 00:59:50]}
{[%emt 00:00:04]} Bxg1 {[%clk 00:57:16]} {[%emt 00:00:16]} 24. f3 {[%clk
00:59:15]} {[%emt 00:00:51]} Bf2+ {[%emt 00:00:20]} 25. Ke2 {[%emt 00:00:06]}
Ng3+ {[%clk 00:56:48]} {[%emt 00:00:17]} 26. Kxf2 {[%clk 00:59:22]} {[%emt
00:00:07]} Nh1+ {[%clk 00:56:44]} {[%emt 00:00:20]} 27. Rxh1 {[%clk 00:59:30]}
{[%emt 00:00:06]} Ra8 {[%clk 00:56:42]} {[%emt 00:00:18]} 28. Rxh5 {[%clk
00:59:33]} {[%emt 00:00:10]} Rxa7 {[%clk 00:56:48]} {[%emt 00:00:12]} 29. b4
{[%clk 00:59:40]} {[%emt 00:00:05]} g6 {[%clk 00:56:06]} {[%emt 00:00:58]} 30.
Rh7 {[%clk 00:59:34]} {[%emt 00:00:21]} Kd6 {[%clk 00:56:11]} {[%emt 00:00:10]}
31. Bb6 {[%clk 00:59:37]} {[%emt 00:00:11]} Rb7 {[%clk 00:55:57]} {[%emt
00:00:29]} 32. Bc5+ {[%clk 00:59:46]} {[%emt 00:00:07]} Kd5 {[%clk 00:56:09]}
{[%emt 00:00:03]} 33. f4 {[%clk 00:59:31]} {[%emt 00:00:27]} Ke4 {[%clk
00:55:51]} {[%emt 00:00:35]} 34. Rh4 {[%clk 00:59:24]} {[%emt 00:00:19]} f5
{[%clk 00:55:19]} {[%emt 00:00:48]} 35. Rh6 {[%clk 00:59:23]} {[%emt 00:00:17]}
Rg7 {[%clk 00:55:18]} {[%emt 00:00:17]} 36. Bf8 {[%clk 00:59:26]} {[%emt
00:00:11]} Rg8 {[%clk 00:55:14]} {[%emt 00:00:21]} 37. b5 {[%clk 00:59:06]}
{[%emt 00:00:35]} Rxf8 {[%clk 00:55:05]} {[%emt 00:00:24]} 38. Rxg6 {[%clk
00:59:17]} {[%emt 00:00:05]} Kxf4 {[%clk 00:55:02]} {[%emt 00:00:17]} 39. Rxe6
{[%clk 00:59:26]} {[%emt 00:00:03]} Kg4 {[%clk 00:53:29]} {[%emt 00:02:08]} 40.
c4 {[%clk 00:59:45]} f4 {[%clk 00:53:05]} {[%emt 00:00:48]} 41. c5 {[%clk
00:59:54]} Kh5 {[%clk 00:52:38]} {[%emt 00:01:18]} 42. Rd6 {[%clk 00:59:58]}
{[%emt 00:00:10]} f3 {[%clk 00:52:27]} {[%emt 00:00:26]} 43. Rd5+ {[%clk
01:00:06]} {[%emt 00:00:05]} Kh4 {[%clk 00:52:12]} {[%emt 00:00:32]} 44. c6
{[%clk 01:00:17]} {[%emt 00:00:05]} Kg4 {[%clk 00:51:45]} {[%emt 00:00:42]} 45.
b6 {[%clk 01:00:29]} {[%emt 00:00:04]} Rc8 {[%emt 00:00:40]} 46. c7 {[%emt
00:00:04]} Kf4 {[%clk 00:50:36]} {[%emt 00:00:38]} 47. Rc5 {[%clk 01:00:26]}
{[%emt 00:00:14]} Rg8 {[%clk 00:50:27]} {[%emt 00:00:26]} 48. Ke1 {[%clk
00:59:44]} {[%emt 00:00:58]} Rg2 {[%clk 00:50:25]} {[%emt 00:00:19]} 49. c8=Q
{[%clk 00:59:44]} {[%emt 00:00:11]} f2+ {[%clk 00:50:23]} {[%emt 00:00:22]} 50.
Kf1 {[%clk 00:59:50]} Kf3 {[%clk 00:50:33]} {[%emt 00:00:13]} 51. Qf5+ {[%clk
01:00:00]} {[%emt 00:00:03]} Kg3 {[%clk 00:50:24]} {[%emt 00:00:25]} 52. Qg5+
{[%clk 01:00:05]} {[%emt 00:00:09]} Kh3 {[%clk 00:50:03]} {[%emt 00:00:26]} 53.
Qxg2+ {[%clk 01:00:17]} {[%emt 00:00:14]} Kh4 {[%clk 00:49:45]} {[%emt
00:00:32]} 54. Qxf2+ {[%clk 01:00:23]} {[%emt 00:00:09]} Kh3 {[%clk 00:49:37]}
{[%emt 00:00:23]} 55. Rh5+ {[%clk 01:00:27]} {[%emt 00:00:12]} Kg4 {[%clk
00:49:02]} {[%emt 00:00:51]} 56. Qh4+ {[%clk 00:59:55]} {[%emt 00:01:22]} Kf3
{[%clk 00:48:54]} {[%emt 00:00:23]} 57. Qh3+ {[%clk 00:59:58]} {[%emt
00:00:08]} Ke4 {[%clk 00:49:04]} {[%emt 00:00:08]} 58. b7 {[%clk 00:59:34]}
{[%emt 00:00:38]} Kxd4 {[%emt 00:01:04]} 59. b8=Q {[%clk 00:59:04]} {[%emt
00:00:05]} Kc4 {[%clk 00:48:38]} {[%emt 00:00:33]} 60. Qbc8+ {[%clk 00:59:00]}
{[%emt 00:00:19]} Kd4 {[%clk 00:48:26]} {[%emt 00:00:26]} 61. Qhd7+ {[%clk
00:58:51]} {[%emt 00:00:25]} Ke4 {[%clk 00:48:26]} {[%emt 00:00:15]} 62. Qce8+
{[%clk 00:58:38]} {[%emt 00:00:27]} Kf4 {[%emt 00:00:10]} 63. Qdf7+ {[%emt
00:00:03]} Kg4 {[%clk 00:48:15]} {[%emt 00:00:15]} 64. Qeg8# {[%clk 00:58:48]}
{[%emt 00:00:05]} 1-0